Tratamiento y disposición final de residuos farmacéuticos en la empresa Laboratorios Ramos S.A
La presente Investigación, se orientó a la selección de alternativas de tratamiento y disposición final de residuos farmacéuticos en la empresa laboratorios Ramos S.A; en el municipio de Mangua, en el periodo comprendido entre el 1 de julio del 2015 al 30de junio del 2016. Se analizó y evaluó...
| Main Authors: | , |
|---|---|
| Other Authors: | |
| Format: | Tesis Section = Libro |
| Language: | Undetermined Spanish |
| Published: |
Managua
UNI
2018
|
| Subjects: |
| LEADER | 01496nam a2200277Ia 4500 | ||
|---|---|---|---|
| 008 | 240830s9999 xx 000 0 und d | ||
| 040 | |a CEDOC DACA-RUSB / Mon 628.42 C718 | ||
| 041 | |a spa | ||
| 082 | |a Mon 628.42 C718 | ||
| 100 | 1 | |a Colomer García, Grethel Elizabeth | |
| 100 | 1 | |b Flores Rojas, Keirin Carolina | |
| 245 | 1 | 0 | |a Tratamiento y disposición final de residuos farmacéuticos en la empresa Laboratorios Ramos S.A |
| 260 | |a Managua |b UNI |c 2018 | ||
| 300 | |a 126, XLIX p. :il. | ||
| 500 | |a Contiene: anexos y CD. | ||
| 502 | |a Tesis (Ingeniero Químico) -UNI, 2018. | ||
| 520 | 3 | |a La presente Investigación, se orientó a la selección de alternativas de tratamiento y disposición final de residuos farmacéuticos en la empresa laboratorios Ramos S.A; en el municipio de Mangua, en el periodo comprendido entre el 1 de julio del 2015 al 30de junio del 2016. Se analizó y evaluó la gestión actual de los residuos farmacéuticos en esta empresa farmacéutica, desde el enfoque del ciclo de vida del producto y sus residuos, estableciendo el nivel de educación, aplicación y cumplimiento del marco legal ambiental que regula este residuo. | |
| 650 | 7 | |a RESIDUOS FARMACEUTICOS-TRATAMIENTO | |
| 650 | 7 | |b RESIDUOS INDUSTRIALES | |
| 650 | 7 | |c RESIDUOS PELIGROSOS | |
| 650 | 7 | |d CONTAMINACION AMBIENTAL | |
| 650 | 7 | |e RESIDUOS SOLIDOS-ASPECTOS AMBIENTALES | |
| 700 | 1 | |a Tutor: |b Álvarez Gracia, Sergio Enrique | |
| 942 | |c BK |2 ddc | ||
| 991 | |a TESIS | ||
| 999 | |c 26258 | ||